[Event "IMSA Blitz Men 2019"]
[Site "Hengshui"]
[Date "2019.05.18"]
[Round "9.1"]
[White "Dominguez Perez, Leinier"]
[Black "Bu, Xiangzhi"]
[Result "1/2-1/2"]
[WhiteElo "2750"]
[BlackElo "2729"]
[Annotator "TA"]
[PlyCount "134"]
[EventDate "2019.05.17"]
[EventType "blitz"]
[EventCountry "CHN"]
[SourceTitle "playchess.com"]
[Source "ChessBase"]
[SourceQuality "1"]

{[%evp 14,134,31,34,34,45,39,35,36,53,53,39,44,35,38,29,62,50,68,62,95,50,40,35,77,41,48,6,6,6,4,3,3,2,27,36,36,29,76,38,65,66,70,70,80,56,56,46,46,46,46,46,46,46,46,46,46,46,47,30,39,40,40,7,40,40,40,40,44,40,40,37,33,25,33,0,52,52,52,52,56,33,52,52,52,51,56,8,8,8,8,0,0,0,25,0,0,0,0,0,0,0,0,0,0,0,0,0,0,0,0,0,0,0,0,0,0,0,0,0,0,0,0]} 1. e4 e5 2. Nf3 Nf6 3. Nxe5 d6 4. Nf3 Nxe4 5. d4 d5 6. Bd3 Nc6 7. O-O Be7 8. Nbd2 Nd6 {C42: Petroff Defence: 3 Nxe5 and unusual White 3rd moves} (8... Bf5 9. Re1 Nxd2 10. Qxd2 Bxd3 11. Qxd3 O-O 12. Re2 Qd7 13. Bf4 Rfe8 14. Rae1 Bf8 15. c3 Rxe2 16. Rxe2 a6 17. h3 f6 18. Nd2 Ne7 19. Nf1 {½-½ (19) Giri,A (2783)-Yu,Y (2764) St Petersburg 2018}) 9. c3 Bf5 10. Be2 O-O {White is slightly better.} 11. Re1 Re8 12. Qb3 Be6 $146 ({Predecessor:} 12... a6 13. Qxd5 Be6 14. Qh5 g6 15. Qh6 Nf5 16. Qf4 {½-½ (56) Morales,O (2072)-Arambulo Urdaneta,H (2031) ICCF email 2016}) 13. Bd3 Bf6 14. Nf1 g6 15. Bf4 Qd7 16. Ne3 b6 17. Ng5 Bxg5 18. Bxg5 Na5 19. Qc2 Nac4 20. Bf4 (20. Bxc4 {is more complex.} Nxc4 21. Nxc4 dxc4 22. Qd2 Bd5 23. f3) 20... Nxe3 21. Rxe3 Bf5 22. Bxd6 {[#] Threatens to win with Be5.} Bxd3 23. Qxd3 Rxe3 24. Qxe3 {Hoping for Be5.} Qxd6 $11 {[%mdl 4096] Endgame KQR-KQR} 25. Re1 c6 26. h4 h5 27. Qe7 Qxe7 28. Rxe7 $14 {KR-KR} c5 $1 29. dxc5 bxc5 30. Rd7 Rb8 31. b3 {[%cal Bb2b3,Bb3b4,Bb4a5][%mdl 32]} c4 32. b4 a5 $1 33. bxa5 Rb5 34. a6 Ra5 35. a7 {[#] And now Rd8+ would win.} Kg7 36. g3 Kf6 37. Rxd5 Rxa7 38. Rc5 Rxa2 39. Rxc4 Rc2 40. Kg2 Ke6 41. Rc7 f6 42. Kf3 g5 43. Ke3 Kf5 44. Kf3 gxh4 (44... Ke6 $11) 45. gxh4 Ke6 46. Rc5 Kd6 47. Rc8 Ke5 48. Rc6 Kf5 49. Kg3 Ke5 50. f3 Kf5 $1 51. Rc5+ Kg6 $1 52. Kf4 Rh2 53. Kg3 Rc2 54. c4 Rc1 {The position is equal.} 55. Kf4 Rh1 56. Kg3 Rg1+ 57. Kh2 Rc1 58. Kg2 Rc2+ 59. Kg3 Rc1 60. Rc8 Kf5 61. c5 Rg1+ $1 62. Kh2 Rc1 63. Kg3 Rg1+ $1 64. Kf2 Rh1 $1 65. Kg3 Rg1+ $1 66. Kf2 Rh1 $1 67. Kg3 Rg1+ $1 {Accuracy: White = 56%, Black = 66%.} 1/2-1/2

[Event "IMSA Blitz Men 2019"]
[Site "Hengshui"]
[Date "2019.05.18"]
[Round "9.1"]
[White "Yu, Yangyi"]
[Black "Mamedov, Rauf"]
[Result "1-0"]
[WhiteElo "2739"]
[BlackElo "2650"]
[Annotator "ChessBase"]
[PlyCount "193"]
[EventDate "2019.05.17"]
[EventType "blitz"]
[EventCountry "CHN"]
[SourceTitle "playchess.com"]
[Source "ChessBase"]
[SourceQuality "1"]
[TimeControl "180+2"]

1. d4 {[%emt 0:00:00]} d5 {[%emt 0:00:00]} 2. c4 {[%emt 0:00:00]} e6 {[%emt 0:00:00]} 3. Nf3 {[%emt 0:00:05]} c5 {[%emt 0:00:00]} 4. e3 {[%emt 0:00:09]} Nc6 {[%emt 0:00:03]} 5. Nc3 {[%emt 0:00:01]} Nf6 {[%emt 0:00:04]} 6. a3 {[%emt 0:00:01]} a6 {[%emt 0:00:01]} 7. dxc5 {[%emt 0:00:07]} Bxc5 {[%emt 0:00:01]} 8. b4 {[%emt 0:00:00]} Ba7 9. Bb2 O-O {[%emt 0:00:06]} 10. Be2 {[%emt 0:00:02]} dxc4 {[%emt 0:00:14]} 11. Bxc4 {[%emt 0:00:01]} b5 {[%emt 0:00:01]} 12. Be2 {[%emt 0:00:09]} Bb7 {[%emt 0:00:02]} 13. O-O {[%emt 0:00:14]} Qe7 {[%emt 0:00:01]} 14. Rc1 {[%emt 0:00:03]} Rfd8 {[%emt 0:00:05]} 15. Qc2 Rac8 16. Qb1 {[%emt 0:00:02]} Bb8 {[%emt 0:00:02]} 17. Rfd1 {[%emt 0:00:04]} Ne5 {[%emt 0:00:09]} 18. Nxe5 {[%emt 0:00:09]} Bxe5 {[%emt 0:00:01]} 19. Rxd8+ {[%emt 0:00:04]} Rxd8 {[%emt 0:00:28]} 20. h3 {[%emt 0:00:08]} Bb8 {[%emt 0:00:24]} 21. Rd1 {[%emt 0:00:22]} Rc8 {[%emt 0:00:03]} 22. Qd3 {[%emt 0:00:43]} Qc7 {[%emt 0:00:13]} 23. f4 {[%emt 0:00:01]} h6 {[%emt 0:00:06]} 24. Rd2 {[%emt 0:00:06]} Ba7 {[%emt 0:00:06]} 25. Kh1 {[%emt 0:00:17]} Qb6 {[%emt 0:00:05]} 26. Qd4 {[%emt 0:00:13]} Qxd4 {[%emt 0:00:07]} 27. exd4 Bb8 28. Rd1 {[%emt 0:00:27]} Bxf4 {[%emt 0:00:03]} 29. Kg1 {[%emt 0:00:00]} Nd5 {[%emt 0:00:41]} 30. Nxd5 {[%emt 0:00:07]} Bxd5 {[%emt 0:00:01]} 31. Bd3 {[%emt 0:00:01]} f5 {[%emt 0:00:06]} 32. Kf2 {[%emt 0:00:05]} Kf7 {[%emt 0:00:00]} 33. g3 {[%emt 0:00:01]} Bg5 {[%emt 0:00:01]} 34. h4 {[%emt 0:00:02]} Bf6 {[%emt 0:00:01]} 35. h5 {[%emt 0:00:02]} Ke7 {[%emt 0:00:05]} 36. Ra1 {[%emt 0:00:02]} Bc4 {[%emt 0:00:04]} 37. Ke2 {[%emt 0:00:04]} Bb3 {[%emt 0:00:13]} 38. Rg1 {[%emt 0:00:06]} Bd5 {[%emt 0:00:19]} 39. Ra1 {[%emt 0:00:02]} Bb3 {[%emt 0:00:05]} 40. Rg1 {[%emt 0:00:01]} Bc2 {[%emt 0:00:05]} 41. Ra1 {[%emt 0:00:05]} Bxd3+ {[%emt 0:00:05]} 42. Kxd3 {[%emt 0:00:01]} Rd8 {[%emt 0:00:01]} 43. Ke3 {[%emt 0:00:03]} Bg5+ {[%emt 0:00:02]} 44. Kf3 {[%emt 0:00:03]} Rc8 {[%emt 0:00:00]} 45. d5 {[%emt 0:00:03]} Bf6 {[%emt 0:00:06]} 46. Bxf6+ {[%emt 0:00:02]} Kxf6 {[%emt 0:00:01]} 47. dxe6 {[%emt 0:00:02]} Rc3+ {[%emt 0:00:00]} 48. Kf4 {[%emt 0:00:05]} Rc4+ {[%emt 0:00:04]} 49. Kf3 {[%emt 0:00:00]} Kxe6 {[%emt 0:00:02]} 50. Rd1 {[%emt 0:00:09]} Rc3+ {[%emt 0:00:07]} 51. Kf4 {[%emt 0:00:00]} Rxa3 {[%emt 0:00:01]} 52. Re1+ {[%emt 0:00:04]} Kf6 {[%emt 0:00:00]} 53. Rc1 {[%emt 0:00:03]} Ra4 {[%emt 0:00:05]} 54. Rc6+ {[%emt 0:00:01]} Kf7 {[%emt 0:00:01]} 55. Kxf5 {[%emt 0:00:02]} Rxb4 56. Rxa6 Rb3 {[%emt 0:00:04]} 57. Ra7+ {[%emt 0:00:04]} Kg8 {[%emt 0:00:00]} 58. Ra8+ {[%emt 0:00:04]} Kh7 {[%emt 0:00:01]} 59. g4 {[%emt 0:00:01]} Rb1 {[%emt 0:00:02]} 60. Rb8 {[%emt 0:00:02]} b4 {[%emt 0:00:03]} 61. Kf4 {[%emt 0:00:01]} b3 {[%emt 0:00:01]} 62. Kf3 {[%emt 0:00:02]} g5 {[%emt 0:00:01]} 63. Rb7+ {[%emt 0:00:03]} Kg8 {[%emt 0:00:01]} 64. Kf2 {[%emt 0:00:01]} Kf8 {[%emt 0:00:01]} 65. Kg2 {[%emt 0:00:03]} Ke8 {[%emt 0:00:01]} 66. Kf2 {[%emt 0:00:01]} Kd8 {[%emt 0:00:00]} 67. Kg2 {[%emt 0:00:01]} Kc8 {[%emt 0:00:01]} 68. Rb4 {[%emt 0:00:01]} Kc7 {[%emt 0:00:00]} 69. Rb5 {[%emt 0:00:02]} Kc6 {[%emt 0:00:01]} 70. Rb8 {[%emt 0:00:01]} Kc5 {[%emt 0:00:01]} 71. Rb7 {[%emt 0:00:04]} Kc4 72. Rc7+ {[%emt 0:00:05]} Kd3 {[%emt 0:00:02]} 73. Rb7 {[%emt 0:00:02]} Kc2 {[%emt 0:00:01]} 74. Rc7+ {[%emt 0:00:01]} Kb2 {[%emt 0:00:02]} 75. Rc6 {[%emt 0:00:01]} Rd1 {[%emt 0:00:10]} 76. Rxh6 {[%emt 0:00:01]} Kc3 {[%emt 0:00:03]} 77. Rc6+ {[%emt 0:00:01]} Kb4 {[%emt 0:00:00]} 78. Rb6+ {[%emt 0:00:02]} Kc4 {[%emt 0:00:01]} 79. h6 {[%emt 0:00:04]} Rd7 {[%emt 0:00:04]} 80. Kf3 {[%emt 0:00:01]} Kc3 {[%emt 0:00:01]} 81. Rc6+ {[%emt 0:00:04]} Kd2 {[%emt 0:00:01]} 82. Rb6 {[%emt 0:00:01]} Kc2 {[%emt 0:00:01]} 83. Rc6+ {[%emt 0:00:01]} Kb1 {[%emt 0:00:00]} 84. Ke4 {[%emt 0:00:03]} b2 {[%emt 0:00:01]} 85. Kf5 {[%emt 0:00:03]} Rb7 {[%emt 0:00:00]} 86. Kxg5 {[%emt 0:00:02]} Ka1 {[%emt 0:00:01]} 87. Ra6+ {[%emt 0:00:01]} Kb1 {[%emt 0:00:01]} 88. Rc6 {[%emt 0:00:03]} Ka1 {[%emt 0:00:02]} 89. Ra6+ {[%emt 0:00:00]} Kb1 {[%emt 0:00:01]} 90. Rf6 {[%emt 0:00:03]} Ka2 {[%emt 0:00:12]} 91. Rf1 {[%emt 0:00:04]} Rc7 {[%emt 0:00:02]} 92. Kh5 {[%emt 0:00:02]} Ka3 {[%emt 0:00:03]} 93. Rb1 {[%emt 0:00:01]} Rc2 {[%emt 0:00:04]} 94. g5 {[%emt 0:00:01]} Rh2+ {[%emt 0:00:01]} 95. Kg6 {[%emt 0:00:01]} Ka2 {[%emt 0:00:02]} 96. Rxb2+ {[%emt 0:00:00]} Kxb2 {[%emt 0:00:01]} 97. Kh7 1-0

[Event "IMSA Blitz Men 2019"]
[Site "Hengshui"]
[Date "2019.05.18"]
[Round "9.1"]
[White "Rapport, Richard"]
[Black "Wang, Hao"]
[Result "1/2-1/2"]
[WhiteElo "2736"]
[BlackElo "2735"]
[Annotator "TA"]
[PlyCount "84"]
[EventDate "2019.05.17"]
[EventType "blitz"]
[EventCountry "CHN"]
[SourceTitle "playchess.com"]
[Source "ChessBase"]
[SourceQuality "1"]

{[%evp 9,84,7,14,14,14,-10,13,0,15,0,0,0,-5,3,37,33,27,24,32,38,50,45,57,64,70,48,53,53,47,39,60,41,46,35,37,25,37,34,43,33,39,17,46,47,57,48,52,58,66,27,22,0,77,0,37,30,60,45,82,82,108,13,11,15,72,0,0,0,0,0,0,0,0,0,0,0,0]} 1. b3 e5 2. Bb2 Nc6 3. c4 g6 4. g3 Bg7 5. Bg2 d6 6. Nc3 {A01: Nimzowitsch-Larsen Opening} Nf6 7. e3 O-O 8. Nge2 Be6 (8... Ne7 9. d4 c6 10. O-O Qc7 11. Qd2 Rd8 12. Rfd1 exd4 13. Qxd4 Bg4 {½-½ (94) Karjakin,S (2771)-Wang,H (2729) Dubai 2014}) 9. d4 exd4 10. Nxd4 Nxd4 11. Qxd4 Nd5 $146 ({Predecessor:} 11... c6 12. O-O {½-½ (25) Prakash,G (2350)-Kiran,M (2214) Bhubaneswar 2011}) 12. Qd2 Nxc3 13. Bxc3 Bxc3 14. Qxc3 c6 15. Rd1 Qe7 16. O-O Rfd8 17. Qa5 Rd7 18. Rd4 a6 19. Rfd1 Rad8 20. h3 Qf6 21. R4d2 Qe5 22. Qb6 Kg7 23. Kh2 h5 24. Kg1 Qf6 25. a4 {[%cal Ba2a4,Ba4a5][%mdl 32]} Qc3 26. a5 d5 27. cxd5 cxd5 28. Rd3 Qb2 29. R1d2 Qa1+ 30. Rd1 ({White should try} 30. Kh2 $11) 30... Qb2 $1 $16 31. R1d2 Qa1+ 32. Kh2 Qe5 33. h4 Qf6 34. Rd4 Qe7 35. Rb4 ({Better is} 35. e4 $16) 35... Rc8 $11 36. Qd4+ Qf6 {[#]} (36... Kh7 $11) 37. Rb6 ({White should play} 37. e4 $1 $16) 37... Qxd4 {The position is equal.} 38. Rxd4 Rc2 39. Kg1 Rc1+ 40. Kh2 Rc2 41. Kg1 Rc1+ 42. Kh2 Rc2 {Accuracy: White = 36%, Black = 39%.} 1/2-1/2

[Event "IMSA Blitz Men 2019"]
[Site "Hengshui"]
[Date "2019.05.18"]
[Round "9.1"]
[White "Andreikin, Dmitry"]
[Black "Gelfand, Boris"]
[Result "1/2-1/2"]
[WhiteElo "2722"]
[BlackElo "2676"]
[Annotator "ChessBase"]
[PlyCount "85"]
[EventDate "2019.05.17"]
[EventType "blitz"]
[EventCountry "CHN"]
[SourceTitle "playchess.com"]
[Source "ChessBase"]
[SourceQuality "1"]
[TimeControl "180+2"]

1. Nf3 {[%emt 0:00:00]} d5 {[%emt 0:00:01]} 2. g3 {[%emt 0:00:00]} g6 {[%emt 0:00:01]} 3. Bg2 {[%emt 0:00:01]} Bg7 {[%emt 0:00:00]} 4. d4 {[%emt 0:00:01]} Nf6 {[%emt 0:00:02]} 5. O-O {[%emt 0:00:01]} O-O {[%emt 0:00:01]} 6. c3 {[%emt 0:00:01]} c6 {[%emt 0:00:07]} 7. Nbd2 {[%emt 0:00:02]} Nbd7 {[%emt 0:00:03]} 8. Re1 {[%emt 0:00:02]} c5 {[%emt 0:00:01]} 9. e4 {[%emt 0:00:07]} dxe4 {[%emt 0:00:04]} 10. Nxe4 {[%emt 0:00:02]} Nxe4 {[%emt 0:00:05]} 11. Rxe4 {[%emt 0:00:02]} cxd4 {[%emt 0:00:01]} 12. Nxd4 {[%emt 0:00:04]} Nc5 {[%emt 0:00:09]} 13. Re1 {[%emt 0:00:01]} e5 {[%emt 0:00:06]} 14. Nb3 {[%emt 0:00:09]} Nd3 {[%emt 0:00:06]} 15. Rf1 {[%emt 0:00:09]} Nxc1 {[%emt 0:00:06]} 16. Qxc1 {[%emt 0:00:07]} Rb8 {[%emt 0:00:38]} 17. Rd1 {[%emt 0:00:16]} Qc7 {[%emt 0:00:04]} 18. Qe3 {[%emt 0:00:02]} b6 {[%emt 0:00:01]} 19. Rd2 {[%emt 0:00:01]} Bg4 {[%emt 0:00:11]} 20. h3 {[%emt 0:00:15]} Be6 {[%emt 0:00:01]} 21. Rad1 {[%emt 0:00:04]} Rfd8 {[%emt 0:00:05]} 22. h4 {[%emt 0:00:01]} Bg4 {[%emt 0:00:08]} 23. Bf3 {[%emt 0:00:03]} Rxd2 {[%emt 0:00:14]} 24. Nxd2 {[%emt 0:00:08]} Be6 {[%emt 0:00:02]} 25. Ne4 {[%emt 0:00:21]} Rd8 {[%emt 0:00:08]} 26. a3 {[%emt 0:00:10]} h6 {[%emt 0:00:08]} 27. h5 {[%emt 0:00:08]} f5 {[%emt 0:00:09]} 28. Rxd8+ {[%emt 0:00:07]} Qxd8 {[%emt 0:00:00]} 29. Nd2 {[%emt 0:00:01]} g5 {[%emt 0:00:06]} 30. Be2 {[%emt 0:00:01]} Qc7 {[%emt 0:00:16]} 31. g4 {[%emt 0:00:08]} fxg4 {[%emt 0:00:03]} 32. Qe4 {[%emt 0:00:01]} Qd7 {[%emt 0:00:04]} 33. Bc4 {[%emt 0:00:05]} Bxc4 {[%emt 0:00:05]} 34. Nxc4 {[%emt 0:00:02]} g3 {[%emt 0:00:15]} 35. fxg3 {[%emt 0:00:21]} Qd1+ {[%emt 0:00:01]} 36. Kg2 {[%emt 0:00:02]} Qxh5 {[%emt 0:00:06]} 37. g4 {[%emt 0:00:08]} Qf7 {[%emt 0:00:05]} 38. Nd6 {[%emt 0:00:03]} Qd7 {[%emt 0:00:05]} 39. Qd5+ {[%emt 0:00:14]} Kh7 {[%emt 0:00:01]} 40. Qe4+ {[%emt 0:00:05]} Kg8 {[%emt 0:00:01]} 41. Qd5+ {[%emt 0:00:09]} Kh7 {[%emt 0:00:01]} 42. Qe4+ {[%emt 0:00:00]} Kg8 {[%emt 0:00:01]} 43. Qd5+ {[%emt 0:00:07]} 1/2-1/2

[Event "IMSA Blitz Men 2019"]
[Site "Hengshui"]
[Date "2019.05.18"]
[Round "9.1"]
[White "Vidit, Santosh Gujrathi"]
[Black "Jones, Gawain C B"]
[Result "1-0"]
[WhiteElo "2707"]
[BlackElo "2702"]
[Annotator "ChessBase"]
[PlyCount "131"]
[EventDate "2019.05.17"]
[EventType "blitz"]
[EventCountry "CHN"]
[SourceTitle "playchess.com"]
[Source "ChessBase"]
[SourceQuality "1"]
[TimeControl "180+2"]

1. d4 {[%emt 0:00:00]} Nf6 {[%emt 0:00:00]} 2. c4 {[%emt 0:00:00]} g6 {[%emt 0:00:00]} 3. g3 {[%emt 0:00:01]} c6 {[%emt 0:00:01]} 4. Bg2 {[%emt 0:00:01]} d5 {[%emt 0:00:01]} 5. Nf3 {[%emt 0:00:02]} Bg7 {[%emt 0:00:01]} 6. O-O {[%emt 0:00:02]} O-O {[%emt 0:00:02]} 7. Qb3 {[%emt 0:00:01]} Qb6 {[%emt 0:00:02]} 8. Nc3 {[%emt 0:00:02]} Rd8 {[%emt 0:00:02]} 9. Na4 {[%emt 0:00:04]} Qxb3 {[%emt 0:00:12]} 10. axb3 {[%emt 0:00:01]} Na6 {[%emt 0:00:02]} 11. Bf4 {[%emt 0:00:07]} Bf5 {[%emt 0:00:03]} 12. Rfc1 {[%emt 0:00:06]} Nh5 {[%emt 0:00:28]} 13. Bd2 {[%emt 0:00:14]} Nf6 {[%emt 0:00:03]} 14. e3 {[%emt 0:00:03]} Ne4 {[%emt 0:00:05]} 15. Be1 {[%emt 0:00:06]} Nd6 {[%emt 0:00:31]} 16. Bf1 {[%emt 0:00:10]} Ne4 {[%emt 0:00:21]} 17. cxd5 {[%emt 0:00:20]} cxd5 {[%emt 0:00:01]} 18. b4 {[%emt 0:00:05]} Rac8 {[%emt 0:00:38]} 19. b5 {[%emt 0:00:03]} Nb8 {[%emt 0:00:05]} 20. Rxc8 {[%emt 0:00:24]} Rxc8 {[%emt 0:00:02]} 21. Nc3 {[%emt 0:00:01]} Nxc3 {[%emt 0:00:10]} 22. Bxc3 {[%emt 0:00:02]} a6 {[%emt 0:00:07]} 23. bxa6 {[%emt 0:00:04]} Nxa6 {[%emt 0:00:01]} 24. Ne5 {[%emt 0:00:07]} Bxe5 {[%emt 0:00:06]} 25. dxe5 {[%emt 0:00:01]} Nc5 {[%emt 0:00:02]} 26. f3 {[%emt 0:00:07]} Bd3 {[%emt 0:00:05]} 27. Bxd3 {[%emt 0:00:10]} Nxd3 {[%emt 0:00:01]} 28. Rd1 {[%emt 0:00:02]} Nc5 {[%emt 0:00:03]} 29. Rxd5 {[%emt 0:00:02]} e6 {[%emt 0:00:14]} 30. Rd4 {[%emt 0:00:04]} h5 {[%emt 0:00:06]} 31. Rc4 {[%emt 0:00:02]} Rc6 {[%emt 0:00:08]} 32. Bd4 {[%emt 0:00:12]} Na6 {[%emt 0:00:06]} 33. Rxc6 {[%emt 0:00:02]} bxc6 {[%emt 0:00:01]} 34. Kf2 {[%emt 0:00:05]} Kf8 {[%emt 0:00:02]} 35. Ke2 {[%emt 0:00:02]} Ke7 {[%emt 0:00:02]} 36. Kd3 {[%emt 0:00:02]} c5 {[%emt 0:00:02]} 37. Bc3 {[%emt 0:00:02]} Kd7 {[%emt 0:00:00]} 38. Kc4 {[%emt 0:00:05]} Kc6 {[%emt 0:00:01]} 39. e4 {[%emt 0:00:10]} Nb8 {[%emt 0:00:04]} 40. f4 {[%emt 0:00:08]} Nd7 {[%emt 0:00:03]} 41. Ba5 {[%emt 0:00:01]} f6 {[%emt 0:00:03]} 42. exf6 {[%emt 0:00:03]} Nxf6 {[%emt 0:00:01]} 43. Kd3 {[%emt 0:00:06]} Kb5 {[%emt 0:00:02]} 44. Bc3 {[%emt 0:00:01]} Ng4 {[%emt 0:00:03]} 45. h3 {[%emt 0:00:15]} Nh6 {[%emt 0:00:01]} 46. Bg7 {[%emt 0:00:06]} Nf7 {[%emt 0:00:01]} 47. g4 {[%emt 0:00:01]} hxg4 {[%emt 0:00:01]} 48. hxg4 {[%emt 0:00:00]} Kc6 {[%emt 0:00:02]} 49. Bf8 {[%emt 0:00:05]} Kb5 {[%emt 0:00:01]} 50. g5 {[%emt 0:00:04]} Nd8 {[%emt 0:00:02]} 51. f5 {[%emt 0:00:06]} exf5 {[%emt 0:00:13]} 52. exf5 {[%emt 0:00:01]} Nf7 {[%emt 0:00:03]} 53. fxg6 {[%emt 0:00:01]} Ne5+ {[%emt 0:00:01]} 54. Ke4 {[%emt 0:00:02]} Nxg6 {[%emt 0:00:00]} 55. Bd6 {[%emt 0:00:04]} Kc4 {[%emt 0:00:05]} 56. Kf5 {[%emt 0:00:04]} Nh4+ {[%emt 0:00:00]} 57. Kf6 {[%emt 0:00:03]} Kb3 {[%emt 0:00:08]} 58. Bg3 {[%emt 0:00:01]} Nf3 {[%emt 0:00:02]} 59. g6 {[%emt 0:00:02]} Nd2 {[%emt 0:00:02]} 60. g7 {[%emt 0:00:04]} c4 {[%emt 0:00:00]} 61. g8=Q {[%emt 0:00:03]} Kxb2 {[%emt 0:00:01]} 62. Be5+ {[%emt 0:00:02]} Kb3 {[%emt 0:00:01]} 63. Qb8+ {[%emt 0:00:02]} Kc2 {[%emt 0:00:01]} 64. Qb4 {[%emt 0:00:02]} Kd3 {[%emt 0:00:02]} 65. Qc3+ {[%emt 0:00:02]} Ke2 {[%emt 0:00:01]} 66. Kf5 {[%emt 0:00:01]} 1-0

[Event "IMSA Blitz Men 2019"]
[Site "Hengshui"]
[Date "2019.05.18"]
[Round "9.1"]
[White "Fedoseev, Vladimir"]
[Black "Cheparinov, Ivan"]
[Result "1-0"]
[WhiteElo "2683"]
[BlackElo "2667"]
[Annotator "ChessBase"]
[PlyCount "67"]
[EventDate "2019.05.17"]
[EventType "blitz"]
[EventCountry "CHN"]
[SourceTitle "playchess.com"]
[Source "ChessBase"]
[SourceQuality "1"]
[TimeControl "180+2"]

1. d4 {[%emt 0:00:00]} Nf6 {[%emt 0:00:00]} 2. c4 {[%emt 0:00:00]} e6 {[%emt 0:00:00]} 3. Nf3 {[%emt 0:00:00]} d5 {[%emt 0:00:01]} 4. Nc3 {[%emt 0:00:00]} Bb4 {[%emt 0:00:02]} 5. e3 {[%emt 0:00:03]} O-O 6. Bd2 b6 {[%emt 0:00:07]} 7. cxd5 {[%emt 0:00:04]} exd5 {[%emt 0:00:01]} 8. Bd3 {[%emt 0:00:02]} Bb7 {[%emt 0:00:05]} 9. O-O {[%emt 0:00:02]} Be7 {[%emt 0:00:01]} 10. Ne5 {[%emt 0:00:05]} c5 {[%emt 0:00:01]} 11. Be1 {[%emt 0:00:02]} Nc6 {[%emt 0:00:06]} 12. f3 {[%emt 0:00:30]} cxd4 {[%emt 0:00:15]} 13. Nxc6 {[%emt 0:00:01]} Bxc6 {[%emt 0:00:02]} 14. exd4 {[%emt 0:00:01]} Bd6 {[%emt 0:00:22]} 15. Bh4 {[%emt 0:00:06]} h6 {[%emt 0:00:02]} 16. Rc1 {[%emt 0:00:30]} Bf4 {[%emt 0:00:15]} 17. Rc2 {[%emt 0:00:02]} Be3+ {[%emt 0:00:01]} 18. Kh1 {[%emt 0:00:01]} Bxd4 {[%emt 0:00:02]} 19. Ne2 {[%emt 0:00:06]} Bc5 {[%emt 0:00:08]} 20. b4 {[%emt 0:00:02]} Ba4 {[%emt 0:00:01]} 21. bxc5 {[%emt 0:00:02]} bxc5 {[%emt 0:00:01]} 22. Qd2 {[%emt 0:00:15]} Bxc2 {[%emt 0:00:03]} 23. Bxc2 {[%emt 0:00:02]} Qd6 {[%emt 0:00:16]} 24. Ng3 {[%emt 0:00:20]} Rfe8 {[%emt 0:00:09]} 25. Nf5 {[%emt 0:00:04]} Qe5 {[%emt 0:00:04]} 26. Re1 {[%emt 0:00:34]} Qb2 {[%emt 0:00:01]} 27. Nxh6+ {[%emt 0:00:14]} Kf8 {[%emt 0:00:01]} 28. Rb1 {[%emt 0:00:08]} Qd4 {[%emt 0:00:01]} 29. Qxd4 {[%emt 0:00:02]} cxd4 {[%emt 0:00:01]} 30. Nf5 {[%emt 0:00:13]} Re2 {[%emt 0:00:10]} 31. Bb3 {[%emt 0:00:14]} d3 {[%emt 0:00:04]} 32. Nd4 {[%emt 0:00:00]} Ree8 {[%emt 0:00:09]} 33. Rd1 {[%emt 0:00:02]} Nd7 {[%emt 0:00:20]} 34. Ba4 {[%emt 0:00:02]} 1-0

[Event "IMSA Blitz Men 2019"]
[Site "Hengshui"]
[Date "2019.05.18"]
[Round "9.1"]
[White "Ponomariov, Ruslan"]
[Black "Le, Quang Liem"]
[Result "1/2-1/2"]
[WhiteElo "2675"]
[BlackElo "2704"]
[Annotator "ChessBase"]
[PlyCount "76"]
[EventDate "2019.05.17"]
[EventType "blitz"]
[EventCountry "CHN"]
[SourceTitle "playchess.com"]
[Source "ChessBase"]
[SourceQuality "1"]
[TimeControl "180+2"]

1. e4 {[%emt 0:00:00]} c5 {[%emt 0:00:00]} 2. Nf3 {[%emt 0:00:00]} Nc6 {[%emt 0:00:00]} 3. d4 {[%emt 0:00:00]} cxd4 {[%emt 0:00:01]} 4. Nxd4 {[%emt 0:00:01]} Nf6 {[%emt 0:00:00]} 5. Nc3 {[%emt 0:00:01]} e5 {[%emt 0:00:01]} 6. Ndb5 {[%emt 0:00:00]} d6 {[%emt 0:00:01]} 7. Bg5 {[%emt 0:00:01]} a6 {[%emt 0:00:01]} 8. Na3 {[%emt 0:00:01]} b5 {[%emt 0:00:01]} 9. Bxf6 {[%emt 0:00:02]} gxf6 {[%emt 0:00:01]} 10. Nd5 {[%emt 0:00:01]} Bg7 {[%emt 0:00:01]} 11. c3 {[%emt 0:00:01]} f5 {[%emt 0:00:06]} 12. exf5 {[%emt 0:00:02]} Bxf5 {[%emt 0:00:02]} 13. Nc2 {[%emt 0:00:01]} O-O {[%emt 0:00:07]} 14. Nce3 {[%emt 0:00:02]} Be6 {[%emt 0:00:08]} 15. a4 {[%emt 0:00:03]} Ne7 {[%emt 0:00:30]} 16. Nxe7+ {[%emt 0:00:26]} Qxe7 {[%emt 0:00:01]} 17. axb5 {[%emt 0:00:31]} axb5 {[%emt 0:00:01]} 18. Rxa8 {[%emt 0:00:01]} Rxa8 {[%emt 0:00:01]} 19. Bxb5 Ra2 {[%emt 0:01:13]} 20. Qb1 {[%emt 0:01:02]} Bh6 {[%emt 0:00:23]} 21. O-O {[%emt 0:00:05]} Bxe3 {[%emt 0:00:02]} 22. fxe3 {[%emt 0:00:01]} Qa7 {[%emt 0:00:02]} 23. Re1 {[%emt 0:00:11]} d5 {[%emt 0:00:24]} 24. Kh1 {[%emt 0:00:13]} e4 {[%emt 0:00:02]} 25. Bf1 {[%emt 0:00:03]} Qa4 {[%emt 0:00:12]} 26. b4 {[%emt 0:00:07]} Qa3 {[%emt 0:00:03]} 27. b5 {[%emt 0:00:05]} Qxc3 {[%emt 0:00:03]} 28. Qxa2 {[%emt 0:00:21]} Qxe1 {[%emt 0:00:01]} 29. Qe2 {[%emt 0:00:01]} Qb1 {[%emt 0:00:02]} 30. Kg1 {[%emt 0:00:02]} Kf8 {[%emt 0:00:06]} 31. Kf2 {[%emt 0:00:02]} Bd7 {[%emt 0:00:03]} 32. h4 {[%emt 0:00:19]} Kg7 {[%emt 0:00:06]} 33. Qh5 {[%emt 0:00:06]} Bxb5 {[%emt 0:00:13]} 34. Qg5+ {[%emt 0:00:01]} Kf8 {[%emt 0:00:01]} 35. Qd8+ {[%emt 0:00:04]} Kg7 {[%emt 0:00:01]} 36. Qg5+ {[%emt 0:00:01]} Kf8 {[%emt 0:00:01]} 37. Qd8+ {[%emt 0:00:02]} Kg7 {[%emt 0:00:00]} 38. Qg5+ {[%emt 0:00:02]} Kf8 {[%emt 0:00:01]} 1/2-1/2